书目信息 |
| 题名: |
中国学生英语口笔语语料库
|
|
| 作者: | 文秋芳 , 王立非 , 梁茂成 编著 | |
| 分册: | ||
| 出版信息: | 北京 外语教学与研究出版社 2005.07 |
|
| 页数: | 127页 | |
| 开本: | 19cm | |
| 丛书名: | ||
| 单 册: | ||
| 中图分类: | H31 | |
| 科图分类: | ||
| 主题词: | 英语--ying yu--高等学校--教学参考资料 | |
| 电子资源: | ||
| ISBN: | 7-5600-4973-7 | |
| 000 | 01241nam0 2200277 450 | |
| 001 | 012006451468 | |
| 005 | 20060913092652.68 | |
| 010 | @a7-5600-4973-7@dCNY36.00 (含光盘) | |
| 100 | @a20060619d2005 km y0chiy0120 ea | |
| 101 | 0 | @achi@aeng |
| 102 | @aCN@b110000 | |
| 105 | @aa a 000yy | |
| 200 | 1 | @a中国学生英语口笔语语料库@Azhong guo xue sheng ying yu kou bi yu yu liao ku@d= Spoken and written English corpus of Chinese learners@e1.0版@f文秋芳, 王立非, 梁茂成编著@Fwen qiu fang,wang li fei,liang mao cheng bian zhu@zeng |
| 210 | @a北京@c外语教学与研究出版社@d2005.07 | |
| 215 | @a127页@c图@d19cm@e光盘3片 | |
| 300 | @a本项目为教育部人文社会科学重点研究基地北京外国语大学中国外语教育研究中心的资助项目 | |
| 320 | @a有书目 (第77页) | |
| 330 | @a本书由3张光盘和使用手册组成。手册分为两部分。第一部分介绍学习者语料库研究发展概况和SWECCL建库情况;第二部分详细说明了SWECCL工具的安装和使用方法。 | |
| 510 | 1 | @aSpoken and written English corpus of Chinese learners@zeng |
| 606 | 0 | @a英语@Aying yu@x高等学校@j教学参考资料 |
| 690 | @aH31@v4 | |
| 701 | 0 | @a文秋芳@Awen qiu fang@4编著 |
| 701 | 0 | @a王立非@Awang li fei@4编著 |
| 701 | 0 | @a梁茂成@Aliang mao cheng@4编著 |
| 801 | 0 | @aCN@bQSSK@c20060913 |
| 905 | @a10447@dH31@eW650 | |
| 中国学生英语口笔语语料库= Spoken and written English corpus of Chinese learners:1.0版/文秋芳, 王立非, 梁茂成编著.-北京:外语教学与研究出版社,2005.07 |
| 127页:图;19cm+光盘3片 |
| 本项目为教育部人文社会科学重点研究基地北京外国语大学中国外语教育研究中心的资助项目 |
| ISBN 7-5600-4973-7:CNY36.00 (含光盘) |
| 本书由3张光盘和使用手册组成。手册分为两部分。第一部分介绍学习者语料库研究发展概况和SWECCL建库情况;第二部分详细说明了SWECCL工具的安装和使用方法。 |
| ● |
| 相关链接 |
|
|
|
正题名:中国学生英语口笔语语料库
索取号:H31/W650
 
预约/预借
| 序号 | 登录号 | 条形码 | 馆藏地/架位号 | 状态 | 备注 |
| 1 | 589307 | 205893078 | 管理学院资料室/209语言库 81排2列4层/ [索取号:H31/W650] | 在馆 | |
| 2 | 589308 | 205893087 | 语言库209/209语言库 87排4列5层/ [索取号:H31/W650] | 在馆 | |
| 3 | 589309 | 205893096 | 管理学院资料室/209语言库 81排2列4层/ [索取号:H31/W650] | 在馆 |